| Tag |
First Indicator |
Second Indicator |
Subfields |
| LEADER |
00000cam a22000004a 4500 |
| 001 |
in00002339607 |
| 005 |
20151108044753.0 |
| 008 |
070326s2007 enk b 001 0 eng |
| 010 |
|
|
|a 2007012565
|
| 015 |
|
|
|a GBA724016
|2 bnb
|
| 016 |
7 |
|
|a 013704200
|2 Uk
|
| 020 |
|
|
|a 9780199253999 (alk. paper)
|
| 020 |
|
|
|a 0199253994 (alk. paper)
|
| 035 |
|
|
|a (OCoLC)ocn122261747
|
| 035 |
|
|
|a (OCoLC)122261747
|
| 040 |
|
|
|a DLC
|c DLC
|d UKM
|d BAKER
|d BTCTA
|d BWKUK
|d YDXCP
|d UtOrBLW
|
| 049 |
|
|
|a TXAM
|
| 050 |
0 |
0 |
|a PR468.P57
|b B48 2007
|
| 082 |
0 |
0 |
|a 820.9/358
|2 22
|
| 100 |
1 |
|
|a Bevis, Matthew.
|
| 245 |
1 |
4 |
|a The art of eloquence :
|b Byron, Dickens, Tennyson, Joyce /
|c Matthew Bevis.
|
| 264 |
|
1 |
|a Oxford ;
|a New York :
|b Oxford University Press,
|c 2007.
|
| 300 |
|
|
|a 302 pages ;
|c 24 cm.
|
| 336 |
|
|
|a text
|b txt
|2 rdacontent
|
| 337 |
|
|
|a unmediated
|b n
|2 rdamedia
|
| 338 |
|
|
|a volume
|b nc
|2 rdacarrier
|
| 504 |
|
|
|a Includes bibliographical references (pages [270]-291) and index.
|
| 650 |
|
0 |
|a English literature
|y 19th century
|x History and criticism.
|
| 650 |
|
0 |
|a Politics and literature
|z Great Britain
|x History
|y 19th century.
|
| 650 |
|
0 |
|a English language
|x Political aspects
|z Great Britain
|x History.
|
| 650 |
|
0 |
|a English literature
|y 20th century
|x History and criticism.
|
| 650 |
|
0 |
|a Politics and literature
|z Great Britain
|x History
|y 20th century.
|
| 650 |
|
0 |
|a Oratory in literature.
|
| 650 |
|
0 |
|a Eloquence in literature.
|
| 650 |
|
0 |
|a Figures of speech in literature.
|
| 856 |
4 |
1 |
|3 Table of contents only
|u http://www.loc.gov/catdir/toc/ecip0714/2007012565.html
|t 0
|
| 938 |
|
|
|a Baker & Taylor
|b BKTY
|c 90.00
|d 90.00
|i 0199253994
|n 0007261238
|s active
|
| 938 |
|
|
|a Baker and Taylor
|b BTCP
|n BK0007261238
|
| 938 |
|
|
|a YBP Library Services
|b YANK
|n 100466087
|
| 945 |
|
|
|a PromptCat
|b 242657
|
| 946 |
|
|
|a stk
|
| 947 |
|
|
|a A14836267946
|
| 948 |
|
|
|a cataloged
|b h
|c 2007/10/17
|d c
|e dmartine
|f 6:41:06 pm
|
| 994 |
|
|
|a 92
|b TXA
|
| 999 |
|
|
|a MARS
|
| 999 |
f |
f |
|s 8da8c466-d999-3a66-86b8-79cab870f41f
|i 7b62e966-8ab9-37e3-b415-17b46459e5d5
|t 0
|
| 952 |
f |
f |
|p normal
|a Texas A&M University
|b College Station
|c Sterling C. Evans Library
|d Evans: Library Stacks
|t 0
|e PR468.P57 B48 2007
|h Library of Congress classification
|i unmediated -- volume
|m A14836267946
|
| 998 |
f |
f |
|a PR468.P57 B48 2007
|t 0
|l Evans: Library Stacks
|